Tuyển thơ Tam thi nhất Mệnh

Bewaard in:
Bibliografische gegevens
Hoofdauteur: Hàn, Tương Thi
Andere auteurs: Hàn, Huệ Nguyên, Hàn, Phong Vũ
Formaat: Boek
Gepubliceerd in: Tp. Hồ Chí Minh Hội Nhà Văn 2012
Onderwerpen:
Tags: Voeg label toe
Geen labels, Wees de eerste die dit record labelt!
Thư viện lưu trữ: Trung tâm Học liệu Lê Vũ Hùng, Trường Đại học Đồng Tháp
LEADER 00916pam a22003018a 4500
001 00034522
005 20171026081025.0
008 161004s2012 ||||||Viesd
020 |c 35000 
041 0 # |a Vie 
082 1 4 |a 895.922 214  |b T527TH 
100 1 # |a Hàn, Tương Thi 
245 1 0 |a Tuyển thơ Tam thi nhất Mệnh  |c Hàn Tương Thi; Hàn Huệ Nguyên; Hàn Phong Vũ 
260 # # |a Tp. Hồ Chí Minh  |b Hội Nhà Văn  |c 2012 
300 # # |a 103 tr.  |c 20 cm. 
653 # # |a Thơ 
653 # # |a Tác Phẩm 
653 # # |a Văn học Việt Nam 
653 # # |a Văn Học hiện đại 
700 1 # |a Hàn, Huệ Nguyên 
700 1 # |a Hàn, Phong Vũ 
852 # # |j KD.0017655 
852 # # |b Kho đọc  |j KD.0017655 
910 |d 04/10/2016 
980 # # |a Trung tâm Học liệu Lê Vũ Hùng, Trường Đại học Đồng Tháp